[Event "CN Equipas 2017 - 1. div"]
[Site "Leiria POR"]
[Date "2017.07.18"]
[Round "2.5.2"]
[White "Brodowski, Piotr"]
[Black "Sousa, André V"]
[Result "0-1"]
[WhiteElo "2442"]
[BlackElo "2368"]
[WhiteFideId "1124480"]
[BlackFideId "1917617"]
[WhiteTeam "AA Coimbra 'A'"]
[BlackTeam "GD Dias Ferreira 'A'"]
[WhiteTitle "IM"]
[BlackTitle "IM"]
[PlyCount "96"]

1. c4 e6 2. g3 d5 3. Bg2 Nf6 4. Nf3 Be7 5. O-O O-O 6. d4 dxc4 7. Qc2 a6 8. a4
Bd7 9. Qxc4 Bc6 10. Bf4 Bd6 11. Qc1 a5 12. Nc3 Na6 13. Rd1 Qe7 14. Bg5 h6 15.
Bh4 Nb4 16. g4 Qd8 17. e4 Be7 18. Ne5 Nd7 19. Nxc6 Nxc6 20. Bg3 Nb4 21. Nb5 c6
22. Nd6 Qb6 23. Qc3 Bxd6 24. Bxd6 Rfd8 25. Qg3 Rac8 26. Rac1 c5 27. d5 exd5 28.
exd5 c4 29. Be7 Re8 30. d6 Nd3 31. Rc2 Qb3 32. Rcd2 Qxa4 33. Bxb7 Rc5 34. Qf3
N7e5 35. Qe4 Qd7 36. h3 Rb8 37. Bd5 Rbb5 38. b3 Rxb3 39. Rc2 Rb4 40. Rxd3 cxd3
41. Rxc5 Rxe4 42. Bxe4 d2 43. Bc2 Nc6 44. Kg2 g6 45. Ba4 Nxe7 46. Bxd7 d1=Q 47.
dxe7 Qxd7 48. Re5 Qe8 0-1

[Event "CN Equipas 2017 - 1. div"]
[Site "Leiria POR"]
[Date "2017.07.18"]
[Round "2.5.3"]
[White "Suarez Garcia, Carlos"]
[Black "Hammes, Michael"]
[Result "1/2-1/2"]
[WhiteElo "2455"]
[BlackElo "2349"]
[WhiteFideId "22230858"]
[BlackFideId "4619358"]
[WhiteTeam "GD Dias Ferreira 'A'"]
[BlackTeam "AA Coimbra 'A'"]
[WhiteTitle "IM"]
[BlackTitle "IM"]
[PlyCount "72"]

1. c4 e6 2. g3 d5 3. Bg2 d4 4. Nf3 c5 5. b4 cxb4 6. a3 Nc6 7. d3 a5 8. O-O Nf6
9. Nbd2 h6 10. axb4 Bxb4 11. Ba3 Bxa3 12. Rxa3 O-O 13. Qa1 e5 14. Rb1 Re8 15.
Ne1 Qc7 16. Rab3 Ra6 17. Nc2 b6 18. Qa4 Nb8 19. Ne4 Nbd7 20. Nxf6+ Nxf6 21. Qc6
Qxc6 22. Bxc6 Re6 23. Bb5 Ra7 24. f4 exf4 25. Nxd4 Rd6 26. Nc6 Rc7 27. Ba4 fxg3
28. hxg3 Bd7 29. Ne7+ Kh7 30. Bxd7 Nxd7 31. Nd5 Rcc6 32. Ne7 Rc5 33. Nd5 Re6 34.
Kf2 Rcc6 35. Rb5 g5 36. e4 Kg6 1/2-1/2

[Event "CN Equipas 2017 - 1. div"]
[Site "Leiria POR"]
[Date "2017.07.18"]
[Round "2.5.4"]
[White "Diogo, Vasco"]
[Black "Gonzalez Perez, Arian"]
[Result "1-0"]
[WhiteElo "2213"]
[BlackElo "2461"]
[WhiteFideId "1902628"]
[BlackFideId "3507777"]
[WhiteTeam "AA Coimbra 'A'"]
[BlackTeam "GD Dias Ferreira 'A'"]
[WhiteTitle "FM"]
[BlackTitle "IM"]
[PlyCount "101"]

1. e4 g6 2. d4 Bg7 3. Nc3 d6 4. Nf3 Nf6 5. Be2 O-O 6. O-O e6 7. h3 h6 8. Be3 Nc6
9. Qd2 Kh7 10. Rad1 Ne7 11. Nh2 b6 12. Ng4 Nfg8 13. Bf3 Bb7 14. Nh2 d5 15. exd5
exd5 16. Ne2 Nf5 17. Bf4 Nh4 18. Rfe1 Nf6 19. Ng3 Nxf3+ 20. Nxf3 Ne4 21. Nxe4
dxe4 22. Ne5 f5 23. Nc4 Ba6 24. Ne3 Qd7 25. Qc3 Rf7 26. Be5 Bf8 27. Qb3 Bb7 28.
c4 Re8 29. Rc1 c6 30. Red1 f4 31. Ng4 Qf5 32. c5 h5 33. cxb6 hxg4 34. hxg4 Qe6
35. Qh3+ Bh6 36. bxa7 g5 37. Rc3 Ba8 38. Bb8 e3 39. fxe3 fxe3 40. Re1 e2 41. Be5
c5 42. Rxc5 Qa6 43. Kh2 Rxe5 44. Rxe5 Rf2 45. d5 Qd6 46. Qg3 Bg7 47. R5xe2 Qh6+
48. Qh3 Rf7 49. Re7 Rf2 50. Rxg7+ Kxg7 51. Re7+ 1-0

[Event "CN Equipas 2017 - 1. div"]
[Site "Leiria POR"]
[Date "2017.07.19"]
[Round "3.1.1"]
[White "Luch, Michal"]
[Black "Sprenger, Jan"]
[Result "1/2-1/2"]
[WhiteElo "2393"]
[BlackElo "2514"]
[WhiteFideId "1120042"]
[BlackFideId "4646258"]
[WhiteTeam "AA Coimbra 'A'"]
[BlackTeam "GX Porto 'A'"]
[WhiteTitle "IM"]
[BlackTitle "IM"]
[PlyCount "27"]

1. d4 Nf6 2. c4 e6 3. Nc3 Bb4 4. Qc2 O-O 5. a3 Bxc3+ 6. Qxc3 b6 7. Bg5 Bb7 8. f3
h6 9. Bh4 d5 10. e3 Nbd7 11. cxd5 Nxd5 12. Bxd8 Nxc3 13. Bh4 Nd5 14. Bf2 1/2-1/2

[Event "CN Equipas 2017 - 1. div"]
[Site "Leiria POR"]
[Date "2017.07.19"]
[Round "3.1.2"]
[White "Iruzubieta, Jesus"]
[Black "Brodowski, Piotr"]
[Result "1/2-1/2"]
[WhiteElo "2428"]
[BlackElo "2442"]
[WhiteFideId "2200597"]
[BlackFideId "1124480"]
[WhiteTeam "GX Porto 'A'"]
[BlackTeam "AA Coimbra 'A'"]
[WhiteTitle "FM"]
[BlackTitle "IM"]
[PlyCount "25"]

1. e4 c5 2. Nf3 g6 3. d4 Bg7 4. c4 d6 5. Be2 Bg4 6. d5 Nd7 7. O-O a6 8. a4 Qc7
9. Nc3 Bxc3 10. bxc3 h6 11. Ne1 Bxe2 12. Qxe2 g5 13. Nd3 1/2-1/2

[Event "CN Equipas 2017 - 1. div"]
[Site "Leiria POR"]
[Date "2017.07.19"]
[Round "3.1.3"]
[White "Hammes, Michael"]
[Black "Trigo Urquijo, Sergio"]
[Result "0-1"]
[WhiteElo "2349"]
[BlackElo "2389"]
[WhiteFideId "4619358"]
[BlackFideId "2262436"]
[WhiteTeam "AA Coimbra 'A'"]
[BlackTeam "GX Porto 'A'"]
[WhiteTitle "IM"]
[BlackTitle "FM"]
[PlyCount "68"]

1. d4 Nf6 2. c4 d6 3. Nc3 g6 4. e4 Bg7 5. Be2 O-O 6. Nf3 Na6 7. O-O e5 8. Be3 c6
9. d5 Ng4 10. Bg5 f6 11. Bh4 c5 12. Ne1 Nh6 13. a3 g5 14. Bg3 f5 15. exf5 Nxf5
16. Bg4 b6 17. Ne4 h6 18. Nd3 Nc7 19. b4 Ne8 20. Rb1 Nf6 21. Nxf6+ Qxf6 22. Re1
Qg6 23. Bh5 Qh7 24. bxc5 bxc5 25. Nb2 Nxg3 26. hxg3 Bf5 27. Rc1 e4 28. Qd2 Bd4
29. Nd1 Qg7 30. g4 Bh7 31. Ne3 Rab8 32. Re2 Rb3 33. Qa5 Bb2 34. Rb1 Bc3 0-1

[Event "CN Equipas 2017 - 1. div"]
[Site "Leiria POR"]
[Date "2017.07.19"]
[Round "3.1.4"]
[White "Lombaers, Peter"]
[Black "Diogo, Vasco"]
[Result "1-0"]
[WhiteElo "2327"]
[BlackElo "2213"]
[WhiteFideId "1032852"]
[BlackFideId "1902628"]
[WhiteTeam "GX Porto 'A'"]
[BlackTeam "AA Coimbra 'A'"]
[WhiteTitle "FM"]
[BlackTitle "FM"]
[PlyCount "81"]

1. d4 d5 2. Bf4 Nf6 3. e3 c6 4. c4 e6 5. Nc3 Bd6 6. Bg3 O-O 7. Nf3 Ne4 8. Nxe4
dxe4 9. Nd2 f5 10. c5 Bxg3 11. hxg3 Nd7 12. b4 Nf6 13. Nc4 b5 14. Ne5 Bd7 15. a4
a6 16. Be2 Be8 17. Qd2 Nd5 18. Bd1 Qb8 19. O-O Rf6 20. Bb3 Qd8 21. axb5 axb5 22.
Bxd5 exd5 23. Rxa8 Qxa8 24. Qb2 g5 25. Ra1 Qd8 26. Ra7 Rf8 27. Qa2 Qf6 28. Qa5
f4 29. Qc7 Qh6 30. Qd6 Rf6 31. Qe7 Re6 32. Qc7 fxe3 33. fxe3 Kf8 34. Nd7+ Kg8
35. Ne5 Kf8 36. Ng4 Qg6 37. Qd8 h5 38. Ne5 Qh6 39. Nf7 Qf6 40. Nxg5 Re7 41. Nh7+
1-0

[Event "CN Equipas 2017 - 1. div"]
[Site "Leiria POR"]
[Date "2017.07.19"]
[Round "3.2.2"]
[White "Sousa, André V"]
[Black "Camacho Collados, Marcos"]
[Result "0-1"]
[WhiteElo "2368"]
[BlackElo "2417"]
[WhiteFideId "1917617"]
[BlackFideId "2266237"]
[WhiteTeam "GD Dias Ferreira 'A'"]
[BlackTeam "ADRC Mata de Benfica 'A'"]
[WhiteTitle "IM"]
[BlackTitle "IM"]
[PlyCount "80"]

1. e4 e5 2. Nf3 Nc6 3. Bb5 Nge7 4. Nc3 d6 5. O-O Bd7 6. d4 Ng6 7. Nd5 Be7 8. c3
O-O 9. dxe5 dxe5 10. Be3 Bd6 11. c4 Nb8 12. Nc3 a6 13. Ba4 Bxa4 14. Qxa4 c6 15.
c5 Be7 16. Qb3 Qc8 17. Na4 Nd7 18. Nd2 Rb8 19. Nc4 Nf4 20. Rfd1 Ne2+ 21. Kh1 Nd4
22. Bxd4 exd4 23. Nab6 Nxb6 24. Nxb6 Qc7 25. Qb4 Rfd8 26. Nc4 Qf4 27. f3 h5 28.
Qa3 b6 29. Qxa6 Bxc5 30. Rd3 Ra8 31. Qb7 Rxa2 32. Rad1 b5 33. Nd2 Qd6 34. e5 Qg6
35. Qc7 Rf8 36. Ne4 Ra7 37. Nf6+ gxf6 38. Qxc6 Qxd3 39. Rxd3 Ra1+ 40. Rd1 Rxd1#
0-1

[Event "CN Equipas 2017 - 1. div"]
[Site "Leiria POR"]
[Date "2017.07.19"]
[Round "3.2.3"]
[White "Barrero Garcia, Carlos"]
[Black "Suarez Garcia, Carlos"]
[Result "0-1"]
[WhiteElo "2309"]
[BlackElo "2455"]
[WhiteFideId "2219522"]
[BlackFideId "22230858"]
[WhiteTeam "ADRC Mata de Benfica 'A'"]
[BlackTeam "GD Dias Ferreira 'A'"]
[WhiteTitle "IM"]
[BlackTitle "IM"]
[PlyCount "96"]

1. e4 c5 2. Nf3 e6 3. d3 Nc6 4. g3 d5 5. Nbd2 Bd6 6. Bg2 Nge7 7. O-O O-O 8. Nh4
Bc7 9. f4 Rb8 10. Ndf3 b5 11. Be3 Bb6 12. Kh1 c4 13. Bxb6 Qxb6 14. e5 cxd3 15.
cxd3 Nd4 16. Nxd4 Qxd4 17. Qd2 Bd7 18. Nf3 Qb6 19. d4 b4 20. Rfc1 Rfc8 21. Rxc8+
Rxc8 22. a3 a5 23. axb4 axb4 24. Bf1 g6 25. g4 Kg7 26. Bd3 b3 27. Ra3 h6 28. Qd1
Rb8 29. Kg2 Nc6 30. Bb1 Na5 31. Qe2 Nc4 32. Ra1 Qc6 33. Bd3 Ra8 34. Rb1 Ra2 35.
Kg3 Qa4 36. f5 exf5 37. gxf5 gxf5 38. Bxc4 dxc4 39. Kh4 Qa8 40. Rg1+ Kh7 41. Nd2
Be6 42. Qe3 Rxb2 43. Kh5 Qf8 44. Nf3 f6 45. Qf4 Qf7+ 46. Kh4 Re2 47. Nd2 fxe5
48. dxe5 c3 0-1

[Event "CN Equipas 2017 - 1. div"]
[Site "Leiria POR"]
[Date "2017.07.19"]
[Round "3.2.4"]
[White "Gonzalez Perez, Arian"]
[Black "Andrade, José"]
[Result "1/2-1/2"]
[WhiteElo "2461"]
[BlackElo "2223"]
[WhiteFideId "3507777"]
[BlackFideId "1900986"]
[WhiteTeam "GD Dias Ferreira 'A'"]
[BlackTeam "ADRC Mata de Benfica 'A'"]
[WhiteTitle "IM"]
[BlackTitle "FM"]
[PlyCount "59"]

1. e4 e5 2. Nf3 Nc6 3. Bc4 Bc5 4. b4 Bxb4 5. c3 Be7 6. d4 d6 7. Qb3 Kf8 8. Bxf7
Na5 9. Qa4 Kxf7 10. Qxa5 exd4 11. cxd4 Nf6 12. Nc3 c6 13. Qa4 Re8 14. Qb3+ d5
15. e5 Nd7 16. h4 Nf8 17. Bg5 Qb6 18. Qc2 Kg8 19. O-O Ne6 20. Be3 Rf8 21. Qd2
Qd8 22. h5 Qe8 23. Nh2 Qxh5 24. f4 Nc7 25. Rab1 b6 26. Rbc1 Bb4 27. Qb2 Be7 28.
Qd2 Bb4 29. Qb2 Be7 30. Qd2 1/2-1/2

[Event "CN Equipas 2017 - 1. div"]
[Site "Leiria POR"]
[Date "2017.07.19"]
[Round "3.3.1"]
[White "Zeibel, Patrick"]
[Black "Vasques, António"]
[Result "1-0"]
[WhiteElo "2452"]
[BlackElo "2307"]
[WhiteFideId "24624322"]
[BlackFideId "1908332"]
[WhiteTeam "CX Montemor-o-Velho/CTGA 'A'"]
[BlackTeam "Sporting Clube Portugal 'A'"]
[WhiteTitle "IM"]
[BlackTitle "FM"]
[PlyCount "59"]

1. e4 c5 2. c3 d5 3. exd5 Qxd5 4. Nf3 g6 5. Na3 Bg7 6. Bc4 Qd8 7. d4 cxd4 8.
Nxd4 Nf6 9. Qa4+ Nc6 10. Bb5 O-O 11. Nxc6 bxc6 12. Bxc6 Rb8 13. O-O Ng4 14. Nb5
Qb6 15. Nxa7 Bf5 16. h3 Ne5 17. b4 Nxc6 18. Nxc6 Rb7 19. Be3 Qc7 20. Bc5 Re8 21.
Rfe1 Bd7 22. b5 Bxc3 23. Nxe7+ Rxe7 24. Rxe7 Bxa1 25. Qc4 Be6 26. Rxc7 Rxc7 27.
Qb4 Be5 28. f4 Bf6 29. b6 Rd7 30. b7 1-0

[Event "CN Equipas 2017 - 1. div"]
[Site "Leiria POR"]
[Date "2017.07.19"]
[Round "3.3.2"]
[White "Santos, António P"]
[Black "Polaczek, Richard"]
[Result "0-1"]
[WhiteElo "2237"]
[BlackElo "2406"]
[WhiteFideId "1900161"]
[BlackFideId "200026"]
[WhiteTeam "Sporting Clube Portugal 'A'"]
[BlackTeam "CX Montemor-o-Velho/CTGA 'A'"]
[WhiteTitle "FM"]
[BlackTitle "IM"]
[PlyCount "87"]

1. d4 Nf6 2. c4 e6 3. Nf3 Bb4+ 4. Bd2 a5 5. Nc3 d5 6. e3 b6 7. Ne5 Bb7 8. cxd5
exd5 9. Bb5+ c6 10. Bd3 O-O 11. O-O Ba6 12. Bxa6 Rxa6 13. Qc2 Re8 14. a4 Ra7 15.
Nf3 Bd6 16. Na2 Ne4 17. Be1 Re6 18. b4 Rh6 19. bxa5 Bxh2+ 20. Kh1 Bd6+ 21. Kg1
bxa5 22. Nc3 Bh2+ 23. Kh1 f5 24. Rb1 Na6 25. g3 Bxg3+ 26. Kg2 Bd6 27. Rh1 Nb4
28. Qe2 Qe8 29. Rxh6 gxh6 30. Kf1 Rg7 31. Ne5 Bxe5 32. Nxe4 fxe4 33. dxe5 Qg6
34. Qb2 Qg2+ 35. Ke2 Qf3+ 36. Kd2 Rg2 37. Kc3 Qf7 38. Kb3 Nd3 39. Qc2 Nxe1 40.
Rxe1 Qxf2 41. Qxf2 Rxf2 42. Rc1 Re2 43. Kc3 c5 44. Kd4 0-1

[Event "CN Equipas 2017 - 1. div"]
[Site "Leiria POR"]
[Date "2017.07.19"]
[Round "3.3.3"]
[White "Cavaleiro, Daniel"]
[Black "Silva, Fernando"]
[Result "0-1"]
[WhiteElo "2006"]
[BlackElo "2249"]
[WhiteFideId "1904663"]
[BlackFideId "1900188"]
[WhiteTeam "CX Montemor-o-Velho/CTGA 'A'"]
[BlackTeam "Sporting Clube Portugal 'A'"]
[BlackTitle "IM"]
[PlyCount "96"]

1. d4 Nf6 2. c4 c5 3. d5 g6 4. Nc3 Bg7 5. e4 d6 6. Be2 O-O 7. Nf3 e6 8. O-O Re8
9. Nd2 Na6 10. Rb1 Nc7 11. Bf3 exd5 12. cxd5 b5 13. Re1 b4 14. Ne2 Ba6 15. Qc2
Nd7 16. Nc4 Bxc4 17. Qxc4 Ne5 18. Qc2 Qd7 19. Bd2 Qb5 20. Nf4 Qc4 21. Qa4 Qb5
22. Qc2 Nxf3+ 23. gxf3 a5 24. Ng2 Qd7 25. a4 f5 26. b3 Bd4 27. Be3 Bc3 28. Bd2
Bd4 29. Be3 Be5 30. Bf4 Bxf4 31. Nxf4 fxe4 32. fxe4 Qg4+ 33. Ng2 Re5 34. f4 Rh5
35. Re3 Rh3 36. Rbe1 Re8 37. Rxh3 Qxh3 38. Re3 Qd7 39. Qc4 Qf7 40. Rg3 Kg7 41.
h4 Qf6 42. Rd3 Qa1+ 43. Kh2 Qf1 44. e5 dxe5 45. fxe5 Rxe5 46. d6 Ne6 47. d7 Nd8
48. Qc2 Re2 0-1

[Event "CN Equipas 2017 - 1. div"]
[Site "Leiria POR"]
[Date "2017.07.19"]
[Round "3.4.1"]
[White "Iturrizaga, Eduardo"]
[Black "Santos, José Alves"]
[Result "1-0"]
[WhiteElo "2664"]
[BlackElo "2196"]
[WhiteFideId "3901211"]
[BlackFideId "1900366"]
[WhiteTeam "AX Gaia 'A'"]
[BlackTeam "AX Portugal/Atlantidiagonal 'A'"]
[WhiteTitle "GM"]
[BlackTitle "NM"]
[PlyCount "53"]

1. Nf3 d5 2. c4 e6 3. g3 c6 4. b3 Nf6 5. Bb2 Be7 6. Bg2 O-O 7. O-O b5 8. d3 Bb7
9. Qc2 Na6 10. a3 Rc8 11. Rd1 Re8 12. Nbd2 Nd7 13. e4 Bf6 14. b4 e5 15. Nb3 Nb6
16. c5 Na4 17. d4 Nxb2 18. Qxb2 exd4 19. e5 Bxe5 20. Nxe5 Rxe5 21. Nxd4 Qf6 22.
a4 bxa4 23. Rxa4 Rce8 24. Qd2 Qe7 25. Bf1 Nb8 26. Rxa7 Rc8 27. f4 1-0

[Event "CN Equipas 2017 - 1. div"]
[Site "Leiria POR"]
[Date "2017.07.19"]
[Round "3.4.2"]
[White "Reis, Luís Sousa"]
[Black "Ftacnik, Lubomir"]
[Result "0-1"]
[WhiteElo "2182"]
[BlackElo "2551"]
[WhiteFideId "1900609"]
[BlackFideId "14900017"]
[WhiteTeam "AX Portugal/Atlantidiagonal 'A'"]
[BlackTeam "AX Gaia 'A'"]
[WhiteTitle "NM"]
[BlackTitle "GM"]
[PlyCount "34"]

1. e4 c5 2. Nf3 d6 3. d4 cxd4 4. Nxd4 Nf6 5. Nc3 a6 6. Bg5 Nbd7 7. f4 Qb6 8. Qd2
Qxb2 9. Rb1 Qa3 10. Be2 e6 11. O-O Be7 12. Kh1 Qa5 13. Bd3 h6 14. Bh4 Nxe4 15.
Bxe4 Bxh4 16. Nxe6 fxe6 17. Bg6+ Kd8 0-1

[Event "CN Equipas 2017 - 1. div"]
[Site "Leiria POR"]
[Date "2017.07.19"]
[Round "3.4.3"]
[White "Petkov, Vladimir"]
[Black "Carneiro, Carlos"]
[Result "1-0"]
[WhiteElo "2489"]
[BlackElo "2175"]
[WhiteFideId "2901188"]
[BlackFideId "1900170"]
[WhiteTeam "AX Gaia 'A'"]
[BlackTeam "AX Portugal/Atlantidiagonal 'A'"]
[WhiteTitle "GM"]
[BlackTitle "NM"]
[PlyCount "61"]

1. d4 Nf6 2. c4 d6 3. Nc3 g6 4. e4 Bg7 5. h3 O-O 6. Nf3 e5 7. d5 a5 8. Bg5 h6 9.
Be3 Na6 10. g4 Nc5 11. Nd2 Rb8 12. Qf3 Kh7 13. Qg3 c6 14. Be2 cxd5 15. exd5 Ne8
16. Rg1 f5 17. gxf5 Bxf5 18. Bxc5 dxc5 19. Nde4 Nd6 20. Bd3 Qb6 21. Nxd6 Qxd6
22. Bxf5 Rxf5 23. Ne4 Qb6 24. O-O-O Rf4 25. d6 g5 26. Qd3 Kh8 27. Qd5 Qb4 28.
Rg3 b5 29. Rb3 Qa4 30. Kb1 Rd8 31. Rxb5 1-0

[Event "CN Equipas 2017 - 1. div"]
[Site "Leiria POR"]
[Date "2017.07.19"]
[Round "3.4.4"]
[White "Pereira, Fernando Melão"]
[Black "Strikovic, Aleksa"]
[Result "0-1"]
[WhiteElo "2054"]
[BlackElo "2509"]
[WhiteFideId "1900153"]
[BlackFideId "900150"]
[WhiteTeam "AX Portugal/Atlantidiagonal 'A'"]
[BlackTeam "AX Gaia 'A'"]
[WhiteTitle "NM"]
[BlackTitle "GM"]
[PlyCount "88"]

1. d4 d6 2. c4 e5 3. Nf3 e4 4. Ng5 Nf6 5. Nc3 Qe7 6. g3 h6 7. Nh3 c6 8. Bg2 Bf5
9. Ng1 g6 10. h3 Bg7 11. g4 Bd7 12. Qb3 b6 13. Qc2 O-O 14. g5 hxg5 15. Bxg5 Bf5
16. e3 Nbd7 17. Nge2 Qe6 18. Nf4 Qe8 19. Bxf6 Nxf6 20. h4 Bh6 21. Nfe2 d5 22.
cxd5 cxd5 23. Qa4 Qd7 24. O-O-O Qe6 25. Qb5 a6 26. Qb3 b5 27. Kb1 Rfc8 28. Rc1
Bg4 29. Ng3 Bf8 30. Rhe1 Bd6 31. Bf1 Kg7 32. Nce2 Rc4 33. Ng1 Rh8 34. Bxc4 dxc4
35. Qc2 Rxh4 36. N1e2 Bf3 37. b3 Rh2 38. bxc4 Rxf2 39. Qb3 Qg4 40. Rg1 Bxe2 41.
Nh5+ Qxh5 42. c5 Bc4 43. Rxc4 bxc4 44. Qxc4 Bc7 0-1

[Event "CN Equipas 2017 - 1. div"]
[Site "Leiria POR"]
[Date "2017.07.19"]
[Round "3.5.1"]
[White "Medarde Santiago, Luis Marcos"]
[Black "Larino, David"]
[Result "0-1"]
[WhiteElo "2354"]
[BlackElo "2495"]
[WhiteFideId "2263076"]
[BlackFideId "2256444"]
[WhiteTeam "FC Barreirense 'A'"]
[BlackTeam "O AmanhÃ£ da CrianÃ§a 'A'"]
[WhiteTitle "FM"]
[BlackTitle "GM"]
[PlyCount "72"]

1. e4 e5 2. Nf3 d6 3. d4 exd4 4. Nxd4 Nf6 5. Nc3 a6 6. g3 Bg4 7. f3 Bd7 8. Bg2
g6 9. Bg5 h6 10. Be3 Bg7 11. Qd2 Nc6 12. Rd1 Ne5 13. b3 Qe7 14. O-O g5 15. Rfe1
O-O-O 16. Nd5 Nxd5 17. exd5 Rde8 18. c4 Qf6 19. Qc2 Re7 20. c5 Rhe8 21. Bf2 dxc5
22. Rc1 b6 23. d6 Qxd6 24. Nf5 Bxf5 25. Qxf5+ Qd7 26. Qh7 f5 27. Rcd1 Nxf3+ 28.
Bxf3 Rxe1+ 29. Rxe1 Rxe1+ 30. Kg2 g4 31. Ba8 Re8 32. Qg6 Qe6 33. Qxg7 Kb8 34.
Kg1 Kxa8 35. Qxc7 Rc8 36. Qf4 Rd8 0-1

[Event "CN Equipas 2017 - 1. div"]
[Site "Leiria POR"]
[Date "2017.07.19"]
[Round "3.5.2"]
[White "Espineira, Diego"]
[Black "Rocha, Sérgio"]
[Result "1-0"]
[WhiteElo "2364"]
[BlackElo "2364"]
[WhiteFideId "2229498"]
[BlackFideId "1900404"]
[WhiteTeam "O AmanhÃ£ da CrianÃ§a 'A'"]
[BlackTeam "FC Barreirense 'A'"]
[WhiteTitle "IM"]
[BlackTitle "IM"]
[PlyCount "111"]

1. e4 g6 2. d4 Bg7 3. c4 d6 4. Nc3 Nc6 5. Be3 e5 6. Nge2 Nh6 7. f3 f5 8. d5 Ne7
9. Qd2 Nf7 10. g3 O-O 11. Bg2 f4 12. gxf4 exf4 13. Bxf4 Ne5 14. Bxe5 dxe5 15.
O-O-O Kh8 16. h4 Ng8 17. Kb1 Bh6 18. Qd3 Nf6 19. d6 c6 20. h5 gxh5 21. f4 Qe8
22. fxe5 Qxe5 23. Qd4 Qxd4 24. Rxd4 Bg4 25. e5 Bf5+ 26. Ka1 Ng4 27. Rxh5 Ne3 28.
a3 Bg7 29. Be4 Bxe5 30. Rd3 Bxe4 31. Rxe3 Bxc3 32. Rxe4 Bf6 33. Nf4 Rg8 34. Ka2
Rad8 35. Rf5 Rxd6 36. c5 Rd4 37. Re2 Bg5 38. Ne6 Rd5 39. Rxd5 cxd5 40. Re5 Bf6
41. Rf5 Rg6 42. Nf4 Rh6 43. Nh5 Be7 44. Rxd5 Kg8 45. b4 Kf7 46. Kb3 Ke8 47. Ng7+
Kf8 48. Rd7 Rc6 49. Rxb7 a5 50. b5 Rg6 51. c6 Rg3+ 52. Kc4 Bf6 53. c7 Rc3+ 54.
Kd5 Bxg7 55. Rb8+ Kf7 56. c8=Q 1-0

[Event "CN Equipas 2017 - 1. div"]
[Site "Leiria POR"]
[Date "2017.07.19"]
[Round "3.5.3"]
[White "Tubio, Pablo Agrasar"]
[Black "Padeiro, José"]
[Result "1/2-1/2"]
[WhiteElo "1988"]
[BlackElo "2276"]
[WhiteFideId "2275988"]
[BlackFideId "1901311"]
[WhiteTeam "FC Barreirense 'A'"]
[BlackTeam "O AmanhÃ£ da CrianÃ§a 'A'"]
[BlackTitle "FM"]
[PlyCount "80"]

1. e4 c6 2. Nc3 d5 3. Nf3 Nf6 4. e5 Ne4 5. Ne2 Qb6 6. d4 e6 7. Nfg1 f6 8. f3 Ng5
9. exf6 gxf6 10. f4 Nf7 11. Nf3 c5 12. c3 Nc6 13. Qb3 Bd7 14. Be3 c4 15. Qxb6
axb6 16. g3 b5 17. Bg2 b4 18. O-O bxc3 19. Nxc3 Nd6 20. Nh4 f5 21. Nf3 b5 22. a3
Be7 23. Ne5 Nxe5 24. fxe5 Nc8 25. Na2 Na7 26. Bd2 Nc6 27. Bc3 O-O 28. Bf3 Ra7
29. Rab1 Be8 30. Nb4 Na5 31. Rbe1 Bg6 32. Bd1 h5 33. h4 f4 34. Kh2 Kh7 35. Kh3
fxg3 36. Rxf8 Bxf8 37. Rf1 Bf5+ 38. Kxg3 Rg7+ 39. Kh2 Bxb4 40. axb4 Nc6 1/2-1/2

[Event "CN Equipas 2017 - 1. div"]
[Site "Leiria POR"]
[Date "2017.07.19"]
[Round "3.5.4"]
[White "Pinheiro, Albano"]
[Black "Ulyanovskyy, Viktor"]
[Result "1/2-1/2"]
[WhiteElo "2071"]
[BlackElo "2219"]
[WhiteFideId "1901761"]
[BlackFideId "14113350"]
[WhiteTeam "O AmanhÃ£ da CrianÃ§a 'A'"]
[BlackTeam "FC Barreirense 'A'"]
[BlackTitle "FM"]
[PlyCount "55"]

1. e4 c6 2. d4 d5 3. Nc3 g6 4. Nf3 Bg7 5. Be2 Bg4 6. exd5 cxd5 7. O-O Nc6 8. Bf4
Nf6 9. Ne5 Bxe2 10. Nxe2 O-O 11. c3 Nh5 12. Nxc6 bxc6 13. h3 Nxf4 14. Nxf4 e5
15. dxe5 Bxe5 16. Nd3 Bc7 17. Re1 Qd6 18. Ne5 Rab8 19. Qd2 Rfe8 20. Nf3 Re4 21.
g3 Bb6 22. Kg2 Rbe8 23. Rxe4 Rxe4 24. Re1 Qe7 25. Rxe4 Qxe4 26. Qe1 f5 27. Qxe4
dxe4 28. Ne5 1/2-1/2

[Event "CN Equipas 2017 - 1. div"]
[Site "Leiria POR"]
[Date "2017.07.22"]
[Round "4.1.1"]
[White "Sprenger, Jan"]
[Black "Larino, David"]
[Result "1/2-1/2"]
[WhiteElo "2514"]
[BlackElo "2495"]
[WhiteFideId "4646258"]
[BlackFideId "2256444"]
[WhiteTeam "GX Porto 'A'"]
[BlackTeam "O AmanhÃ£ da CrianÃ§a 'A'"]
[WhiteTitle "IM"]
[BlackTitle "GM"]
[PlyCount "133"]

1. e4 g6 2. d4 Bg7 3. Nf3 c6 4. Nc3 d5 5. Bd3 dxe4 6. Nxe4 Nf6 7. Nxf6+ exf6 8.
O-O O-O 9. Re1 Na6 10. c3 Nc7 11. Bf4 Nd5 12. Bg3 Bg4 13. h3 Bh5 14. c4 Nb4 15.
Be2 Re8 16. Qd2 c5 17. d5 Bf8 18. a3 Na6 19. Nh2 Bxe2 20. Rxe2 Rxe2 21. Qxe2 Nc7
22. Ng4 Bg7 23. Re1 h5 24. Qe7 Ne8 25. Nh2 b6 26. d6 Bf8 27. Qb7 Nxd6 28. Bxd6
Bxd6 29. Rd1 Bxh2+ 30. Kxh2 Qb8+ 31. Qxb8+ Rxb8 32. Rd7 b5 33. cxb5 Rxb5 34. b4
cxb4 35. axb4 Rxb4 36. Rxa7 h4 37. Rc7 Kg7 38. Ra7 f5 39. Rc7 Kf6 40. Ra7 Rb2
41. f3 Re2 42. Rb7 Rd2 43. Ra7 Ke6 44. Ra4 g5 45. Ra7 f4 46. Ra5 f6 47. Ra6+ Rd6
48. Ra5 Kd7 49. Rb5 Kc6 50. Rf5 Kb6 51. Kg1 Kc7 52. Kh2 Kd7 53. Rb5 Ke6 54. Ra5
Rd5 55. Ra6+ Ke5 56. Rb6 Rd6 57. Rb4 Rd2 58. Re4+ Kd5 59. Re8 Kc5 60. Rc8+ Kd4
61. Re8 Kc5 62. Rc8+ Kb6 63. Rb8+ Kc7 64. Rf8 Rd6 65. Ra8 Kc6 66. Ra5 Kd7 67.
Rb5 1/2-1/2

[Event "CN Equipas 2017 - 1. div"]
[Site "Leiria POR"]
[Date "2017.07.22"]
[Round "4.1.2"]
[White "Espineira, Diego"]
[Black "Iruzubieta, Jesus"]
[Result "1-0"]
[WhiteElo "2364"]
[BlackElo "2428"]
[WhiteFideId "2229498"]
[BlackFideId "2200597"]
[WhiteTeam "O AmanhÃ£ da CrianÃ§a 'A'"]
[BlackTeam "GX Porto 'A'"]
[WhiteTitle "IM"]
[BlackTitle "FM"]
[PlyCount "127"]

1. e4 c5 2. Nf3 Nc6 3. d4 cxd4 4. Nxd4 g6 5. Nb3 Bg7 6. Be2 Nf6 7. Nc3 O-O 8.
O-O d6 9. Be3 Be6 10. f3 d5 11. exd5 Nxd5 12. Nxd5 Qxd5 13. Qxd5 Bxd5 14. c3 b6
15. Rfd1 Rfd8 16. Rd2 Rd6 17. Bb5 Ne5 18. Bf4 Rad8 19. Re1 f6 20. Red1 Kf8 21.
Nd4 Bf7 22. b3 Rc8 23. Ne2 Rxd2 24. Rxd2 g5 25. Bxe5 fxe5 26. Ng3 Bg6 27. c4 h5
28. Rd7 e4 29. Nxe4 Bxe4 30. fxe4 a6 31. Bxa6 Ra8 32. Bb5 Rxa2 33. Rd8+ Kf7 34.
Be8+ Ke6 35. Bxh5 Be5 36. Rd5 Rc2 37. Bf3 Rc3 38. Rb5 Bd4+ 39. Kf1 Bc5 40. Ke2
Be3 41. Bg4+ Kf6 42. Rf5+ Kg6 43. Rf3 Bd4 44. Rxc3 Bxc3 45. Kf3 e5 46. Bf5+ Kh5
47. Bg4+ Kg6 48. Bd7 Bb4 49. Kg4 Bc5 50. Be8+ Kf6 51. g3 Bb4 52. h4 gxh4 53.
gxh4 Ke7 54. Kf5 Kxe8 55. Kxe5 Kd7 56. Kd5 Bd2 57. h5 Be3 58. b4 Bd2 59. c5 bxc5
60. bxc5 Bh6 61. e5 Bg5 62. c6+ Kc7 63. e6 Kd8 64. Ke4 1-0